000
00268nam a22001097a 4500
999
_c
260983
_d
260982
020
_a
0590329723
100
_a
Barbara B. Hiller
245
_a
The Fantastic Journey of the Space Shuttle Astra
260
_a
New York
_b
Scholastic
_c
1984
300
_a
55 pgs
942
_c
BK